Szczegóły MARC21

Historia powstania islamu jako doktryny społeczno-politycznej /

003 -Nazwa inst., której nr kontr. jest w polu 001 [,]
    • @
    • Nazwa instytucji, której n kontrolny jest w polu 001
    • NUKAT
005 -DATA I CZAS OSTATNIEJ MODYFIKACJI [,]
    • @
    • pole kontrolne
    • 20241231104756.0
020 -Międzynarod. znormalizowany nr książki - ISBN [ , ]
    • a
    • Numer ISBN
    • 9788361203414 Find
040 -Instytucja sporządzająca opis [ , ]
    • a
    • Instytucja, która sporządziła opis (NP)
    • KR U/MM
    • c
    • Instytucja, która sporządziła rekord (NP)
    • KR U/MM
    • d
    • Instytucja, która zmodyfikowała rekord (P)
    • WR U/DZs
    • d
    • Instytucja, która zmodyfikowała rekord (P)
    • OLSZT 003/bak
942 -Rodzaj dokumentu [ , ]
    • c
    • Rodzaj dokumentu
    • Książka
100 -Hasło główne - nazwa osobowa [1, ]
    • a
    • Nazwa osobowa (NP)
    • Jamsheer, Hassan Ali
    • d
    • Daty biograficzne (NP)
    • (1941- ).
    • 9
    • KHW
    • 42022
245 -Strefa tytułu i oznaczenia odpowiedzialności [1,0]
    • a
    • Tytuł
    • Historia powstania islamu jako doktryny społeczno-politycznej / Find
    • c
    • Pozostałe elementy strefy tytułu i oznaczenia odpowiedzialności (NP)
    • Hassan Ali Jamsheer.
260 -Strefa adresu wydawniczego [ , ]
    • a
    • Miejsce wydania (P)
    • Warszawa :
    • b
    • Nazwa wydawcy (P)
    • Wydawnictwo Akademickie Dialog,
    • c
    • Data wydania (P)
    • 2009.
300 -Strefa opisu fizycznego [ , ]
    • a
    • Określenie formy książki i/lub objętość (NP)
    • 219 s. ;
    • c
    • Format (NP)
    • 24 cm.
336 -Typ zawartości [ , ]
    • a
    • Termin opisujący typ zawartości
    • Tekst
    • b
    • Kod określający zawartość
    • txt
    • 2
    • Źródło (terminu i kodu)
    • rdacontent
337 -Typ mediów [ , ]
    • a
    • Tryb odtwarzania
    • Bez urządzenia pośredniczącego
    • b
    • Kod typu mediów
    • n
    • 2
    • Źródło (terminu i kodu)
    • rdamedia
338 -Typ/rodzaj nośnika [ , ]
    • a
    • Hasło opisujące typ nośnika
    • Wolumin
    • b
    • Kod typu nośnika
    • nc
    • 2
    • Źródło (terminu i kodu)
    • rdacarrier
490 -Strefa serii i książki wielotomowej - forma nie do wyszukiwania [1, ]
    • a
    • Tytuł (P)
    • Dzieje Orientu Find
830 -Hasło dodatkowe serii i opisu książki wielotomowej - tytuł ujednolicony/tytuł [ ,0]
    • a
    • Tytuł ujednolicony/tytuł (NP)
    • Dzieje Orientu
    • 9
    • KHW
    • 11335
504 -Uwaga dot. bibliogr. załącznikowej [ , ]
    • a
    • Uwaga dot. bibliografii załącznikowej
    • Bibliogr. s. 201-215. Indeks.
080 -Uniwersalna Klasyfikacja Dziesiętna [ , ]
    • 2
    • Identyfikator wydania tablic
    • UDC-P058
    • 9
    • UKD
    • 3350
    • a
    • Symbol klasyfikacji
    • 340.121
    • b
    • Dopowiedzenie
    • Teokratyczne i teologiczne doktryny i szkoły.
    • 4
    • UKD2
    • 7666
    • x
    • Poddział wspólny
    • (091)
    • c
    • Dopowiedzenie poddz. wspólnego
    • (Opracowania historyczne).
080 -Uniwersalna Klasyfikacja Dziesiętna [ , ]
    • 2
    • Identyfikator wydania tablic
    • UDC-P058
    • 9
    • UKD
    • 2694
    • a
    • Symbol klasyfikacji
    • 28
    • b
    • Dopowiedzenie
    • Islam.
    • 4
    • UKD2
    • 7666
    • x
    • Poddział wspólny
    • (091)
    • c
    • Dopowiedzenie poddz. wspólnego
    • (Opracowania historyczne).
650 -Hasło przedmiotowe [ ,7]
    • a
    • Hasło przedmiotowe
    • Arabowie
    • y
    • Określnik chronologiczny
    • do 622.
    • 2
    • Źródło terminu
    • kaba
    • 9
    • KHW
    • 101564
650 -Hasło przedmiotowe [ ,7]
    • a
    • Hasło przedmiotowe
    • Islam
    • y
    • Określnik chronologiczny
    • 622-1258.
    • 2
    • Źródło terminu
    • kaba
    • 9
    • KHW
    • 145965
650 -Hasło przedmiotowe [ ,7]
    • a
    • Hasło przedmiotowe
    • Filozofowie muzułmańscy
    • v
    • Określnik formalny
    • biografie.
    • 2
    • Źródło terminu
    • kaba
    • 9
    • KHW
    • 366432
650 -Hasło przedmiotowe [ ,7]
    • a
    • Hasło przedmiotowe
    • Islam i państwo
    • z
    • Określnik geograficzny
    • Islamskie, Imperium.
    • 2
    • Źródło terminu
    • kaba
    • 9
    • KHW
    • 366431
650 -Hasło przedmiotowe [ ,7]
    • a
    • Hasło przedmiotowe
    • Odnowa Islamu.
    • 2
    • Źródło terminu
    • kaba
    • 9
    • KHW
    • 177830
651 -Hasło przedmiotowe w formie nazwy geograficznej [ ,7]
    • a
    • Nazwa geograficzna
    • Islamskie, Imperium
    • y
    • Określnik chronologiczny
    • 622-661.
    • 2
    • Źródło terminu
    • kaba
    • 9
    • KHW
    • 112460
980 -Symbol UKD [ , ]
    • a
    • UKD
    • 340.121:28](091)
710 -Hasło dodatkowe - nazwa ciała zbiorowego [2, ]
    • a
    • Nazwa ciała zbiorowego lub nazwa geograficzna jako pierwszy element (NP)
    • Wydawnictwo Akademickie DIALOG.
    • 4
    • Kod relacji
    • pbl
    • 9
    • KHW
    • 54490
920 -ISBN [ , ]
    • a
    • ISBN
    • 978-83-61203-41-4 Find
Status udost. Sygnatura Numer inwentarzowy Data inwentaryzacji Lokalizacja
1H.21746H.217462012-05-18BNS